Plní želania chorým deťom. A učí sa od nich
Rozhovor so Soňou Rebrovou, zakladateľkou neziskovej organizácie "Želaj si". Štúdium a profesionálny život. Financovanie a fungovanie organizácie. Spolupráca s NATO Charitation Bazaar.
Gespeichert in:
| 1. Verfasser: | |
|---|---|
| Format: | Buchkapitel |
| Sprache: | Slowakisch |
| Schlagworte: | |
| Tags: |
Keine Tags, Fügen Sie das erste Tag hinzu!
|
MARC
| LEADER | 00000naa a2200000 4500 | ||
|---|---|---|---|
| 001 | 0127311 | ||
| 005 | 20230912101215.8 | ||
| 041 | 0 | |a slo | |
| 044 | |a SK | ||
| 245 | 1 | 0 | |a Plní želania chorým deťom. A učí sa od nich |c Mona Gáliková |
| 520 | |a Rozhovor so Soňou Rebrovou, zakladateľkou neziskovej organizácie "Želaj si". Štúdium a profesionálny život. Financovanie a fungovanie organizácie. Spolupráca s NATO Charitation Bazaar. | ||
| 610 | 2 | 0 | |a formy organizačné |
| 610 | 2 | 0 | |a organizácie neziskové |
| 610 | 2 | 0 | |a organizácie nevládne |
| 610 | 2 | 0 | |a nadácie |
| 610 | 2 | 0 | |a financovanie |
| 610 | 2 | 0 | |a pomoc sociálna |
| 610 | 2 | 0 | |a pomoc vecná |
| 610 | 2 | 0 | |a solidarita |
| 610 | 2 | 0 | |a dary |
| 610 | 2 | 0 | |a deti |
| 100 | 1 | |a Gáliková, Mona | |